[Event "NOR-ch"]
[Site "Sandnes"]
[Date "2005.07.05"]
[Round "4"]
[White "Lie, Kjetil A"]
[Black "Carlsen, Magnus"]
[Result "1-0"]
[WhiteElo "2472"]
[BlackElo "2528"]
[PlyCount "91"]
[EventDate "2005.07.02"]
[EventType "swiss"]
[EventRounds "9"]
[EventCountry "NOR"]
[SourceTitle "CBM 107 Extra"]
[Source "ChessBase"]
[SourceDate "2005.09.01"]
[SourceVersion "1"]
[SourceVersionDate "2005.09.01"]
[SourceQuality "1"]

1. e4 {Huzman,Alexander} e5 2. Nf3 Nf6 3. Nxe5 d6 4. Nf3 Nxe4 5. Nc3 Nxc3 6. dxc3 Be7 7. Bf4 Nc6 8. Qd2 O-O 9. O-O-O Bf5 10. Rg1 ({RR} 10. h3 Bf6 ({RR} 10... Rb8 11. Nd4 Nxd4 12. cxd4 Qd7) 11. Rg1 Ne5 12. Be2 Be6 13. Kb1 Nc4 14. Qc1 Nb6 ({RR} 14... Qd7 15. Nd4 Bd5 16. Bg5 Qd8 17. h4) 15. Ng5 Bf5 ({RR} 15... Bxg5 16. Bxg5 Qd7) 16. g4 Bg6 17. h4 Re8 18. Be3 Qe7 ({RR} 18... c6 19. h5 Bxc2+ 20. Kxc2 Bxg5 21. Bxg5 Rxe2+ 22. Kd3 Qe8 23. Be3) 19. Rge1 Bxg5 20. hxg5 ({RR} 20. Bxg5 Qxe2 ({RR} 20... Qd7 21. h5 Be4 22. h6) 21. Rxe2 Rxe2 22. Rd2) 20... c6 21. c4 ({RR} 21. Qd2 Nd5 22. Bd4 Qe4) 21... d5 ({RR} 21... Qe6 22. b3 d5 23. Bxb6 axb6 24. cxd5 Qd7 25. dxc6 Qxc6 26. Bd3) 22. Bxb6 ({RR} 22. cxd5 Nxd5 23. Bd2 Qc5 24. f4 Be4) 22... axb6 23. cxd5 ({RR} 23. Bd3 Qc5 24. Rxe8+ Rxe8 25. cxd5 cxd5 ({RR} 25... Qxf2 26. d6) 26. Bxg6 hxg6 27. Qd2) 23... cxd5 24. Bd3 Qc5 {Kobalia,M (2634)-Ivanchuk,V (2711) Moscow 2005 CBM 106 [Huzman,Alexander] ½-½ (48)}) ({RR} 10. Bd3 Bxd3 11. Qxd3 Rb8 12. h4 Qd7 13. Ng5 f5 14. Qd5+) ({RR} 10. Be2 Re8 11. Nd4 Nxd4 12. cxd4 Bf6 13. Rhe1 Qd7 14. Kb1 Re4) ({RR} 10. h4 Qd7 11. Ng5 Rad8 12. f3 Ne5 13. g4 Be6 14. Bd3 h6 15. Bh7+ Kh8 16. Be4 Nc4 17. Qd3 Ne5 ({RR} 17... d5) 18. Qe2) ({RR} 10. Bc4 Qd7 11. Rhe1 Rae8 12. h3 Bd8 13. g4 Be6 14. Bd3 a6 15. Bg5 Bxg5 16. Nxg5 g6 17. Ne4 f5 18. Ng5 Ne5 19. f4 Nxd3+ 20. Qxd3 fxg4 21. Nxe6 Rxe6 22. Qc4 Rfe8 23. hxg4 Qf7 24. Rxe6 Rxe6 {Vokhidov,S (2521)-Jobava,B (2582) Chess.com INT 2021 1-0 (62)}) 10... Qd7 11. h3 Rae8 12. g4 $146 ({RR} 12. Kb1 Bf6 13. g4 Be4 14. Rg3 Bxf3 15. Rxf3 Ne5 16. Re3 Qa4 17. Qd4 Qxd4 18. cxd4 Ng6 19. Rxe8 Rxe8 20. Bc1 Bh4 21. Bc4 c6 22. Rf1 d5 23. Bd3 Nf8 24. c3 Ne6 25. f4 g5 26. fxg5 Bxg5 {Harikrishna,P (2645)-Carlsen,M (2528) Lausanne 2005 1-0 (56)}) ({RR} 12. Kb1 Bf6 13. g4 Be4 14. Rg3 Bxf3 15. Rxf3 Ne5 16. Re3 Qa4 17. Qd4 Qxd4 18. cxd4 {½-½ (18) Juhasz,K (2189)-Dobos,J (2308) Zalakaros 2009}) 12... Be4 13. Be2 Bf6 14. Be3 Ne5 15. Nxe5 Rxe5 16. g5 Bd8 17. Bd4 Ree8 18. b3 Qxh3 19. Bg4 Qh2 20. Kb2 f5 21. Be2 c5 22. f3 Bd3 23. Bxd3 Qxd2 24. Bc4+ Kh8 25. Bxg7+ Kxg7 26. Rxd2 Bc7 27. Bd5 b5 28. Bc6 Re3 29. a3 a6 30. Rh1 Kg6 31. f4 d5 32. Rh6+ Kg7 33. Rh4 d4 34. cxd4 cxd4 35. Rxd4 Rd8 36. Rxd8 Bxd8 37. Bd7 Re7 38. Bxf5 Kg8 39. Bd3 Bc7 40. b4 Rf7 41. f5 Rg7 42. g6 Be5+ 43. Kb3 hxg6 44. fxg6 Re7 45. c4 Rd7 46. Rh3 1-0

[Event "NOR-ch"]
[Site "Sandnes"]
[Date "2005.07.07"]
[Round "6"]
[White "Djurhuus, Rune"]
[Black "Carlsen, Magnus"]
[Result "0-1"]
[WhiteElo "2461"]
[BlackElo "2528"]
[PlyCount "98"]
[EventDate "2005.07.02"]
[EventType "swiss"]
[EventRounds "9"]
[EventCountry "NOR"]
[SourceTitle "CBM 107 Extra"]
[Source "ChessBase"]
[SourceDate "2005.09.01"]
[SourceVersion "1"]
[SourceVersionDate "2005.09.01"]
[SourceQuality "1"]

1. e4 e5 2. Bc4 Nf6 3. d3 Nc6 4. Nc3 Bb4 5. Nf3 d5 6. exd5 Nxd5 7. O-O Bxc3 8. bxc3 O-O 9. Bd2 Kh8 10. Ng5 f6 11. Qf3 Nce7 12. Ne4 b6 13. d4 Bb7 14. dxe5 Ng6 15. Qe2 f5 16. Bg5 Qe8 17. Bxd5 Bxd5 18. Nd2 h6 19. c4 Bb7 20. Qh5 $146 ({RR} 20. Be3 f4 21. Bd4 Bxg2 22. Kxg2 f3+ 23. Nxf3 Nf4+ {0-1 (23) Djurhuus,R (2509)-Carlsen,M (2548) Stavanger 2005}) 20... Bxg2 21. Rfe1 Bb7 22. e6 f4 23. h4 Rf5 24. Qg4 Qc6 25. f3 Ne5 26. Qxf5 Nxf3+ 27. Kf2 Nxd2 28. Qd5 hxg5 29. Rad1 Nxc4 30. Qxc6 Bxc6 31. hxg5 Ne3 32. Rd3 Re8 33. Rg1 Rxe6 34. Rd8+ Re8 35. Rxe8+ Bxe8 36. Kf3 Nxc2 37. Kxf4 Nd4 38. Rh1+ Kg8 39. Ke5 c5 40. Rf1 Bg6 41. a4 Nc6+ 42. Kd6 Nb4 43. Ke7 c4 44. Rf8+ Kh7 45. Rc8 c3 46. Kf8 Nd5 47. Ra8 Nc7 48. Rc8 Ne6+ 49. Ke7 Nc5 0-1

[Event "NOR-ch"]
[Site "Sandnes"]
[Date "2005.07.08"]
[Round "7"]
[White "Carlsen, Magnus"]
[Black "Fyllingen, Roy Harald"]
[Result "1-0"]
[WhiteElo "2528"]
[BlackElo "2395"]
[PlyCount "131"]
[EventDate "2005.07.02"]
[EventType "swiss"]
[EventRounds "9"]
[EventCountry "NOR"]
[SourceTitle "CBM 107 Extra"]
[Source "ChessBase"]
[SourceDate "2005.09.01"]
[SourceVersion "1"]
[SourceVersionDate "2005.09.01"]
[SourceQuality "1"]

1. e4 e6 2. d4 d5 3. Nd2 a6 4. Ngf3 c5 5. exd5 exd5 6. dxc5 Bxc5 7. Nb3 Ba7 8. Qe2+ Qe7 ({RR} 8... Ne7 9. Be3 Nbc6 10. Bxa7 Rxa7 11. Qd2 Bg4 12. Be2 O-O 13. O-O Qb6 14. c3 Raa8 15. Nfd4 Bxe2 16. Qxe2 Nxd4 17. Nxd4 Nc6 18. Nf3 d4 19. cxd4 Nxd4 20. Nxd4 Qxd4 21. Rad1 Qf6 22. Rd7 Rae8 23. Qd2 {Asrian,K (2591)-Gurevich,M (2641) Batumi 2002 ½-½ (38)}) 9. Nfd4 $146 ({RR} 9. Bd2 Be6 10. Bc3 Nf6 11. Bd4 Nc6 12. Bxa7 Rxa7 13. g3 O-O 14. Bg2 Qb4+ 15. c3 Qe4 16. Qxe4 dxe4 17. Nfd4 Bxb3 18. Nxc6 bxc6 19. axb3 Rb8 20. O-O-O Rab7 21. Rd6 Rxb3 22. Rhd1 Kf8 23. Rd8+ Rxd8 {Rozentalis,E-Eingorn,V (2450) Minsk 1983 ½-½}) ({RR} 9. Bg5 f6 10. Bf4 Bg4 11. Bd6 Bxf3 12. gxf3 Qxe2+ 13. Kxe2 Nc6 14. Bh3 Kf7 15. f4 g6 16. Rhe1 f5 17. Be5 Nf6 18. Bxf6 Kxf6 19. Bg2 Rad8 20. Rad1 Rhe8+ 21. Kf1 Rxe1+ 22. Kxe1 Bb8 23. Rxd5 {½-½ (23) Kowalczyk,W (1877)-Durzynski,J (1913) Wroclaw POL 2025}) ({RR} 9. Bg5 f6 10. Bf4 Nc6 11. O-O-O Qxe2 12. Bxe2 Nge7 13. Nfd4 Ne5 14. Rhe1 Kf7 15. Bg3 Re8 16. h3 N7c6 17. Nf3 Be6 18. Nxe5+ fxe5 19. Bg4 Bxg4 20. hxg4 Rad8 21. f3 b5 22. c3 a5 23. Nd2 a4 {Sokolov,A (2495)-Eingorn,V (2475) Lvov 1984 ½-½ (51)}) 9... Bg4 10. f3 Qxe2+ 11. Bxe2 Bd7 12. Bf4 Ne7 13. O-O-O Nbc6 14. Rhe1 Nxd4 15. Nxd4 O-O-O 16. Bd3 Rde8 17. c3 Bxd4 18. cxd4 Nc6 19. Be3 Re7 20. Kd2 Rhe8 21. Rc1 h6 22. Bf2 Rxe1 23. Bxe1 Kd8 24. Bh4+ Kc7 25. Bg3+ Kd8 26. Rc5 Nxd4 27. Rc7 Bc6 28. Rxf7 Re7 29. Rf8+ Re8 30. Rxe8+ Kxe8 31. Be5 Ne6 32. Bf5 Kf7 33. Bxe6+ Kxe6 34. Bxg7 h5 35. Ke3 Kf5 36. Bd4 Bb5 37. Bc5 Bc4 38. a3 Bb5 39. b3 a5 40. Kf2 a4 41. bxa4 Bxa4 42. h3 Bd1 43. g4+ hxg4 44. hxg4+ Kg6 45. Kg3 b5 46. f4 Bc2 47. Be3 d4 48. Bf2 Be4 49. Bxd4 Bc2 50. Bb6 Be4 51. Bd8 Bc2 52. Kf2 Be4 53. Ke3 Bc2 54. Bh4 Bb1 55. Kd4 Bc2 56. Ke5 Bd3 57. f5+ Kf7 58. g5 Bc2 59. Be1 Bd3 60. Bc3 Bc2 61. Kf4 Bb1 62. g6+ Kg8 63. Kg5 Bc2 64. f6 Bb3 65. Bb4 Ba2 66. Kf4 1-0

[Event "Biel GM"]
[Site "Biel"]
[Date "2005.07.17"]
[Round "1"]
[White "Nakamura, Hikaru"]
[Black "Carlsen, Magnus"]
[Result "1/2-1/2"]
[WhiteElo "2660"]
[BlackElo "2528"]
[PlyCount "49"]
[EventDate "2005.07.17"]
[EventType "tourn"]
[EventRounds "10"]
[EventCountry "SUI"]
[EventCategory "16"]
[SourceTitle "CBM 108"]
[Source "ChessBase"]
[SourceDate "2005.09.26"]
[SourceVersion "1"]
[SourceVersionDate "2005.09.26"]
[SourceQuality "1"]

1. e4 e5 2. Nf3 Nc6 3. Bb5 a6 4. Ba4 Nf6 5. O-O Be7 6. Re1 b5 7. Bb3 O-O 8. d4 d6 9. c3 Bg4 10. Be3 exd4 11. cxd4 Na5 12. Bc2 c5 13. dxc5 dxc5 14. h3 ({RR} 14. Nc3 Nc4 15. e5 Qxd1 16. Raxd1 Bxf3 17. exf6 Bxd1 18. fxe7 Bxc2 19. exf8=Q+ Rxf8 20. Bxc5 Rc8 21. Nd5 Kh8 22. Bd4 Nd6 23. Nb4 a5 24. Nxc2 Rxc2 25. h3 h6 26. Re5 a4 27. Rc5 Rd2 28. Be5 a3 {Bruzon Batista,L (2652)-Adams,M (2741) Wijk aan Zee 2005 ½-½}) 14... Qxd1 $146 ({RR} 14... Bh5 15. Nc3 Nc4 16. e5 Nxe5 17. g4 Nxf3+ 18. Qxf3 Bg6 19. Rad1 Qc8 20. Bxg6 fxg6 21. Nd5 Nxd5 22. Qxd5+ Rf7 23. Rc1 c4 24. Bb6 Bb4 25. Re6 Qb7 26. Rd1 Qxd5 27. Rxd5 Re7 28. Rc6 Re2 29. Bd4 {Studer,N (2404)-Naiditsch,A (2698) Zuerich 2015 0-1 (39)}) 15. Bxd1 Be6 16. Nbd2 Nc6 17. Ng5 c4 18. a3 Rad8 19. Bc2 Bc8 20. f4 Nd7 21. Ngf3 Nc5 22. e5 Nd3 23. Bxd3 Rxd3 24. Ne4 Bf5 25. Nd6 1/2-1/2

[Event "Biel GM"]
[Site "Biel"]
[Date "2005.07.18"]
[Round "2"]
[White "Carlsen, Magnus"]
[Black "Pelletier, Yannick"]
[Result "1/2-1/2"]
[WhiteElo "2528"]
[BlackElo "2603"]
[PlyCount "49"]
[EventDate "2005.07.17"]
[EventType "tourn"]
[EventRounds "10"]
[EventCountry "SUI"]
[EventCategory "16"]
[SourceTitle "CBM 108"]
[Source "ChessBase"]
[SourceDate "2005.09.26"]
[SourceVersion "1"]
[SourceVersionDate "2005.09.26"]
[SourceQuality "1"]

1. e4 e6 2. d4 d5 3. Nc3 Bb4 4. e5 Ne7 5. a3 Bxc3+ 6. bxc3 c5 7. Qg4 Nf5 8. Bd3 h5 9. Qf4 Qc7 10. Ne2 Ne7 11. dxc5 Nd7 12. O-O Qxe5 13. Qa4 Qc7 14. Be3 $146 ({RR} 14. c4 O-O 15. cxd5 Nxc5 16. Qh4 Nxd3 17. cxd3 Ng6 18. Qxh5 Rd8 19. dxe6 Bxe6 20. d4 Rd5 21. Qf3 Qd7 22. h3 Nh4 23. Qg3 Nf5 24. Qf3 Nxd4 25. Nxd4 Rxd4 26. Be3 Rd5 27. Rfd1 b6 28. Rxd5 Qxd5 {Zherebukh,Y (2565)-Lalic,B (2491) Cappelle la Grande 2011 ½-½}) 14... e5 15. Ng3 O-O 16. Qh4 Nxc5 17. Nxh5 Nxd3 18. Qg5 Ng6 19. cxd3 Qxc3 20. d4 exd4 21. Rac1 Qb2 22. Rb1 Qc3 23. Rbc1 Qb2 24. Rb1 Qc3 25. Rbc1 1/2-1/2

[Event "Biel GM"]
[Site "Biel"]
[Date "2005.07.20"]
[Round "4"]
[White "Carlsen, Magnus"]
[Black "Volokitin, Andrei"]
[Result "0-1"]
[WhiteElo "2528"]
[BlackElo "2671"]
[Annotator "Ribli,Zoltan"]
[PlyCount "74"]
[EventDate "2005.07.17"]
[EventType "tourn"]
[EventRounds "10"]
[EventCountry "SUI"]
[EventCategory "16"]
[SourceTitle "CBM 108"]
[Source "ChessBase"]
[SourceDate "2005.09.26"]
[SourceVersion "1"]
[SourceVersionDate "2005.09.26"]
[SourceQuality "1"]

1. e4 c5 2. Nf3 e6 3. d4 cxd4 4. Nxd4 Nc6 5. Nc3 a6 6. Be3 Nf6 7. g4 h6 8. Bg2 d5 9. O-O Bb4 {Mit normalen Entwicklungszügen erreicht Schwarz eine bequeme Stellung.} 10. h3 {In der 11.Runde des Turniers spielte Magnus 10.exd5.} (10. exd5 exd5 11. h3 O-O 12. Nce2 Re8 13. Nxc6 bxc6 14. c4 a5 15. Nd4 Ra6 16. Qd3 c5 17. Nf5 d4 18. Bf4 a4 {0-1 Carlsen,M-Korneev,O/Warsaw 2005/CBM 108 (34)}) 10... O-O 11. Nde2 $6 (11. exd5 exd5 12. Nce2) 11... Bxc3 12. Nxc3 d4 {[%cal Rd4c3,Rd4e3]} 13. e5 Nxg4 $1 $15 {[%mdl 64] Dieser Zwischenzug ist sehr stark.} (13... dxe3 14. Qxd8 Rxd8 15. exf6 $14) 14. Qxg4 (14. Bxd4 Ngxe5 15. Bc5 Re8 $15) 14... dxe3 15. Bxc6 (15. Qg3 $5) 15... bxc6 16. Ne4 $1 {[%cal Ge4f6] Weiß beschäftigt sich nicht mit dem schwarzen e3-Bauern, er positioniert seinen Springer am Königsflügel.} (16. fxe3 Qb6 $15) 16... Qc7 (16... Rb8 $15) 17. Nf6+ $6 {Der Springer steht "schön" auf f6, aber Weiß hat keine konkreten Drohungen am Königsflügel.} (17. Nd6 $5) (17. Qg3 $5) 17... Kh8 18. Qh5 $146 ({RR} 18. Nh5 Qxe5 19. f4 Qxb2 20. Rab1 Qd4 21. Rfd1 Qc3 22. Rb3 f5 23. Rxc3 fxg4 24. Rxc6 e5 25. fxe5 e2 26. Re1 gxh3 27. e6 Rf1+ 28. Rxf1 h2+ {0-1 (28) Prahov,G (2243)-Kuznetsov,G (2310) Ekaterinburg 2007}) 18... Rb8 {[%csl Gb8][%cal Gb8b2,Gb8b4,Gb4f4] Schwarz bringt den Turm ins Spiel.} 19. Rae1 Rb4 (19... exf2+ 20. Rxf2 Rxb2 $17) 20. Ng4 (20. Rxe3 Rd8 $15 (20... c5 $15)) 20... Kh7 21. fxe3 (21. Nxe3 Rxb2 $17) (21. Rxe3 Rxb2 22. Rg3 Qd8 $17) 21... f5 $1 {[%mdl 256] Ein ausgezeichneter Verteidigungszug - 22.exf6 ep. ist schlecht, da Weiß Probleme mit seiner Figurenkoordination bekommt.} 22. e4 (22. exf6 Qg3+ 23. Kh1 Rb5 24. fxg7 Rxh5 25. gxf8=N+ Kg7 $19) 22... Qb6+ (22... Rxb2 $17) (22... Qd8 $17) 23. Kh1 Qd8 24. Nf2 (24. exf5 exf5 $17) 24... Rxb2 $17 {Schwarz hat einen Bauern mehr und eine schwache weiße Bauernstruktur.} 25. Rg1 Qe8 26. Qh4 Rxc2 {Für die zwei Minusbauern hat Weiß keine Kompensation.} 27. Rg2 c5 {[%cal Gc8b7,Gb7h1] Schwarz möchte seinen Läufer auf die Diagonale b7-h1 bringen.} 28. Reg1 Rg8 29. Qg3 Bb7 30. Qb3 Bxe4 31. Nxe4 Rxg2 32. Rxg2 fxe4 $19 {Schwarz hat drei Bauern mehr und steht auf Gewinn.} 33. Qb7 Qh5 34. Qxe4+ Qf5 35. Qe3 (35. Qxf5+ exf5 $19) 35... Rd8 36. Qg3 Rd7 37. Kh2 Qe4 0-1

[Event "Biel GM"]
[Site "Biel"]
[Date "2005.07.25"]
[Round "8"]
[White "Carlsen, Magnus"]
[Black "Gelfand, Boris"]
[Result "1/2-1/2"]
[WhiteElo "2528"]
[BlackElo "2724"]
[PlyCount "51"]
[EventDate "2005.07.17"]
[EventType "tourn"]
[EventRounds "10"]
[EventCountry "SUI"]
[EventCategory "16"]
[SourceTitle "CBM 108"]
[Source "ChessBase"]
[SourceDate "2005.09.26"]
[SourceVersion "1"]
[SourceVersionDate "2005.09.26"]
[SourceQuality "1"]

1. e4 c5 2. Nf3 d6 3. d4 cxd4 4. Nxd4 Nf6 5. Nc3 a6 6. Bg5 e6 7. f4 Nbd7 8. Qf3 Qc7 9. O-O-O b5 10. Bxf6 Nxf6 11. e5 Bb7 12. Qh3 dxe5 13. Ncxb5 Qb6 14. fxe5 Ne4 15. Bc4 Nf2 16. Qb3 O-O-O 17. Nd6+ Rxd6 18. exd6 Qxb3 19. Nxb3 Nxh1 20. Nc5 Bxg2 21. Bxe6+ Kd8 22. Bxf7 g6 23. Kb1 $146 ({RR} 23. Ne6+ Kd7 24. Nc5+ Kc6 25. d7 Bxc5 26. Be8 {1-0 (26) Haznedaroglu,K (2440)-Kraemer,M (2437) Olomouc 2007}) 23... Bc6 24. Ne6+ Kd7 25. Nc5+ Kd8 26. Ne6+ 1/2-1/2

[Event "Biel GM"]
[Site "Biel"]
[Date "2005.07.26"]
[Round "9"]
[White "Carlsen, Magnus"]
[Black "Bauer, Christian"]
[Result "1/2-1/2"]
[WhiteElo "2528"]
[BlackElo "2641"]
[PlyCount "119"]
[EventDate "2005.07.17"]
[EventType "tourn"]
[EventRounds "10"]
[EventCountry "SUI"]
[EventCategory "16"]
[SourceTitle "CBM 108"]
[Source "ChessBase"]
[SourceDate "2005.09.26"]
[SourceVersion "1"]
[SourceVersionDate "2005.09.26"]
[SourceQuality "1"]

1. e4 c5 2. Nf3 b6 3. d4 cxd4 4. Nxd4 Bb7 5. Nc3 a6 6. Be3 e6 7. Qd2 Qc7 8. f3 Bb4 ({RR} 8... Nf6 9. O-O-O Bb4 10. Nde2 d5 11. e5 Nfd7 12. f4 Nc6 13. Qe1 Rc8 14. Kb1 Na5 15. Bd4 O-O 16. h4 Nc6 17. Be3 f6 18. exf6 Nxf6 19. a3 Bc5 20. Rh3 Ng4 21. Bxc5 bxc5 22. Na4 Qa5 23. Qxa5 {Middelburg,T (2388)-Bauer,C (2592) Kallithea 2008 0-1 (53)}) 9. Nde2 ({RR} 9. Nb3 Nf6 10. a3 Bxc3 11. Qxc3 Qxc3+ 12. bxc3 d5 13. exd5 Nxd5 14. Bd4 Nc6 15. Bxg7 Rg8 16. Bd4 Nxd4 17. cxd4 Ne3 18. Kf2 Nxf1 19. Rhxf1 Rc8 20. Rfc1 Rc3 21. Nd2 Ke7 22. Rab1 b5 23. a4 Rd8 {Topalov,V (2757)-Bauer,C (2622) Bilbao 2004 0-1 (103)}) 9... Nc6 10. Bf4 e5 11. Bg3 $146 ({RR} 11. Be3 Nge7 12. a3 Bc5 13. Bg5 f6 14. Bh4 b5 15. O-O-O Na5 16. Ng3 g5 17. Nh5 gxh4 18. Nxf6+ Kf7 19. Nfd5 Bxd5 20. Nxd5 Nxd5 21. Qxd5+ Ke7 22. Kb1 Rac8 23. c3 Be3 24. g3 Rhf8 25. f4 Rcd8 {Borriss,M (2455)-Bauer,C (2589) Fuegen 2006 0-1 (46)}) 11... Nge7 12. a3 Bxc3 13. Nxc3 d6 14. Bc4 O-O 15. Ba2 b5 16. Rd1 Rad8 17. Bh4 Rd7 18. O-O Kh8 19. f4 exf4 20. Bg5 Qb6+ 21. Kh1 Ne5 22. Bxf4 N7g6 23. Be3 Qd8 24. Bd4 Re8 25. Nd5 Qh4 26. Rde1 h6 27. Re3 Kg8 28. Bc3 Ng4 29. Rh3 Qg5 30. Qd4 N6e5 31. Nf4 Nc4 32. Rh5 Qf6 33. Qxf6 Nxf6 34. Bxf6 gxf6 35. Bxc4 bxc4 36. Rxh6 Rxe4 37. Rxf6 Rde7 38. Kg1 Rd4 39. Nh5 Rd2 40. R6f2 Ree2 41. Nf4 Rxf2 42. Rxf2 Rd1+ 43. Rf1 Rd2 44. Rc1 d5 45. Kf1 d4 46. Ke1 c3 47. Ne2 a5 48. bxc3 dxc3 49. h4 Ba6 50. Nxc3 Rxg2 51. Nd5 Kg7 52. c4 Rg1+ 53. Kd2 Rxc1 54. Kxc1 Bxc4 55. Nf4 Kf6 56. Kd2 Kf5 57. Ke3 Bb3 58. Nd3 Kg4 59. Ne5+ Kxh4 60. Nxf7 1/2-1/2

[Event "Biel GM"]
[Site "Biel"]
[Date "2005.07.27"]
[Round "10"]
[White "Volokitin, Andrei"]
[Black "Carlsen, Magnus"]
[Result "1/2-1/2"]
[WhiteElo "2671"]
[BlackElo "2528"]
[PlyCount "51"]
[EventDate "2005.07.17"]
[EventType "tourn"]
[EventRounds "10"]
[EventCountry "SUI"]
[EventCategory "16"]
[SourceTitle "CBM 108"]
[Source "ChessBase"]
[SourceDate "2005.09.26"]
[SourceVersion "1"]
[SourceVersionDate "2005.09.26"]
[SourceQuality "1"]

1. e4 e5 2. Nf3 Nf6 3. Nxe5 d6 4. Nf3 Nxe4 5. d4 d5 6. Bd3 Bd6 7. O-O O-O 8. c4 c6 9. Re1 Re8 10. Nc3 Nxc3 11. bxc3 Rxe1+ 12. Qxe1 h6 13. c5 Bc7 14. Ne5 Be6 ({RR} 14... Nd7 15. Bf4 Nxe5 16. Bxe5 Bd7 17. Rb1 b6 18. Qe3 bxc5 19. dxc5 Rb8 20. Rb4 a5 21. Rxb8 Qxb8 22. Bxc7 Qxc7 23. Qe7 Qc8 24. h3 Bf5 25. Bxf5 Qxf5 26. Qe8+ Kh7 27. Qxc6 Qb1+ 28. Kh2 Qxa2 29. Qd6 {Niemann,H (2738)-Robson,R (2664) Saint Louis USA 2025 ½-½ (41)}) 15. f4 Qc8 16. Qh4 $146 ({RR} 16. Rb1 b5 17. Rb2 Bxe5 18. fxe5 Bf5 19. Bf1 Nd7 20. Qg3 Bg6 21. Rf2 Nf8 22. Be2 a5 23. Bxh6 gxh6 24. h4 Qd8 25. Rf6 Kh8 26. Qf4 Nh7 27. Rxc6 b4 28. cxb4 axb4 29. Bf3 Rxa2 30. Rd6 Qg8 {Morozevich,A (2730)-Moiseenko,A (2662) Sochi 2006 1-0 (43)}) 16... Nd7 17. Qg3 Nf8 18. f5 Bxf5 19. Bxh6 Bg6 20. Bxg6 Nxg6 21. Nxg6 Bxg3 22. Ne7+ Kh7 23. Nxc8 Kxh6 24. hxg3 Rxc8 25. Re1 Rc7 26. Kf2 1/2-1/2

[Event "Lausanne YM 6th"]
[Site "Lausanne"]
[Date "2005.09.15"]
[Round "1.2"]
[White "Carlsen, Magnus"]
[Black "Harikrishna, Pentala"]
[Result "1/2-1/2"]
[WhiteElo "2528"]
[BlackElo "2645"]
[PlyCount "131"]
[EventDate "2005.09.14"]
[EventType "k.o."]
[EventRounds "3"]
[EventCountry "SUI"]
[SourceTitle "CBM 108 Extra"]
[Source "ChessBase"]
[SourceDate "2005.11.04"]
[SourceVersion "1"]
[SourceVersionDate "2005.11.04"]
[SourceQuality "1"]

1. e4 {Erenburg,Sergey} e5 2. Nf3 Nc6 3. Bb5 a6 4. Ba4 Nf6 5. O-O Be7 6. Re1 b5 7. Bb3 d6 8. c3 O-O 9. d4 Bg4 10. Be3 ({RR} 10. d5) 10... exd4 11. cxd4 Na5 12. Bc2 Nc4 13. Bc1 c5 14. b3 Nb6 15. Nbd2 ({RR} 15. Bb2 cxd4 16. Nbd2 Nfd7 17. h3 Bh5 18. g4 d3 19. Bxd3 Nc5 20. Bc2 Bg6 21. Nd4 Qd7 22. f4 f6 23. N2f3 Rfe8 24. Nf5 Bf8 25. Qd4 Qa7 26. Kh1 Rac8 27. Rac1) 15... Nfd7 ({RR} 15... Rc8 16. h3 Bh5 17. g4 Bg6 18. d5 Nfd7 19. Nf1 Re8 20. Ng3 Bf6 21. Rb1) 16. h3 Bh5 17. Bb2 ({RR} 17. g4 Bg6 18. d5 Bf6 19. Rb1 Re8 20. Nf1 h6 21. Kg2 Rc8 22. Ng3 c4 23. Re2) 17... Rc8 ({RR} 17... Re8 18. a4 ({RR} 18. Qb1 Bg6 19. a4 d5 20. axb5 axb5 21. Rxa8 Qxa8 22. dxc5 Nxc5 23. e5 Ne6) 18... bxa4 19. bxa4 Rb8 ({RR} 19... cxd4 20. a5 d3 21. Bb1 ({RR} 21. Bxd3 Nc5) 21... Nc8 22. Bxd3 Nc5 23. Bc4) 20. a5 ({RR} 20. Rb1 cxd4 ({RR} 20... d5 21. a5 Nc4 22. Nxc4 dxc4 23. Ba4) 21. a5 ({RR} 21. Bxd4 Bf6 22. Be3 d5) 21... Bxf3 22. Qxf3 Ne5 23. Qe2 Nbd7 24. Bxd4 Rxb1 25. Rxb1 Qxa5) ({RR} 20. Ra2) 20... Nc8 ({RR} 20... Nd5 21. Nc4 Nc7 ({RR} 21... Nf4 22. Bc1 ({RR} 22. dxc5 Nxc5) 22... Ne6 23. g4 Bg6 24. d5 Nc7 25. Bf4) 22. Rb1) 21. Nc4 Na7 22. dxc5 ({RR} 22. Rb1 Nb5 23. dxc5 ({RR} 23. d5 Bf6) 23... Nxc5 24. Qd5 Bxf3 25. gxf3 Ne6) ({RR} 22. d5 Bf6) 22... Nxc5 23. Qd2 ({RR} 23. Qd4 Bf8 ({RR} 23... Bf6 24. e5 Nc6 ({RR} 24... Nb5 25. Qd5 Bxf3 26. Qxf3 dxe5 27. Bxe5) 25. Qxd6 Qxd6 26. Nxd6) 24. Nfd2 Bg6 25. Nb6 Nc6 26. Qc3 Nxa5) 23... Bxf3 24. gxf3 Nc6 ({RR} 24... Qc8 25. Kh2 Qe6 26. Nb6 Nc8 27. Rg1 Bf8 ({RR} 27... Bf6 28. Bxf6 Qxf6 29. Nd5) 28. Qb4) 25. Rad1 ({RR} 25. Rab1 Qd7 ({RR} 25... Rb5 26. Bc3 Bf6 27. Bxf6 Qxf6 28. Qxd6 Re6 29. Qc7 g6) 26. Kh2 Qe6 27. Rg1 Ne5 28. Bxe5 ({RR} 28. Nxe5 Rxb2) 28... dxe5 29. Qd5 Rxb1 30. Rxb1 Qf6 31. Qxe5 Qxf3 32. Kg1 ({RR} 32. Qxe7 Qf4+) 32... g6) ({RR} 25. Kh2 Bg5) 25... Nxa5 26. Nxa5 Rxb2 27. Nc4 Rb8 28. e5 ({RR} 28. Nxd6 Bxd6 29. Qxd6 Qc8) 28... d5 ({RR} 28... dxe5 29. Bxh7+ Kh8 30. Qc2 Qc7 ({RR} 30... Qc8 31. Nxe5) 31. Rxe5 ({RR} 31. Nxe5 Bf6) 31... Bf6 32. Rh5) 29. Qxd5 Qxd5 30. Rxd5 Rb4 31. Ne3 g6 ({RR} 31... Ne6 32. Ra5) 32. Ra1 {Kramnik,V (2744)-Adams,M (2719) Dortmund 2005 CBM 108 [Erenburg,Sergey] ½-½ (58)}) ({RR} 17... Re8 18. Nf1 Bf6 19. g4 Bg6 20. Ng3 Rc8 21. Rc1 h6 22. Bb1 Nf8 23. Qd2 Ne6 24. Nf5 Bxf5 25. exf5 Ng5 26. Nxg5 Bxg5 27. Rxe8+ Qxe8 28. f4 Bh4 29. f6 Bxf6 30. Re1 Qc6 31. g5 hxg5 32. fxg5 {Burrows,M (2101)-Starley,R (2064) Leicester ENG 2023 0-1 (80)}) 18. Rc1 d5 $146 ({RR} 18... Re8 19. g4 Bg6 20. Nf1 cxd4 21. Bxd4 Bf6 22. Ng3 Ne5 23. Nxe5 Bxe5 24. Bxe5 dxe5 25. Qe2 Qg5 26. Rcd1 Red8 27. a4 Qf6 28. axb5 axb5 29. Rxd8+ Qxd8 30. Rd1 Qc7 31. Bd3 b4 32. Ba6 Ra8 33. Bb5 {Ahmadinia,E (2400)-Boettcher,P (2099) Berlin 2017 ½-½ (38)}) ({RR} 18... Re8 19. Bb1 cxd4 20. Bxd4 Bf6 21. Rxc8 Qxc8 22. Qc1 Qb7 23. Qa3 Bxf3 24. Nxf3) ({RR} 18... cxd4 19. Bb1 Bf6 20. Rxc8 Qxc8 21. g4 Bg6 22. Nxd4 Qc5 23. N2f3 Re8 24. Qd2 d5 25. g5 Bxd4 26. Bxd4 Qc8 27. Bb2 dxe4 28. Qd4 f6 29. Nh4 Re5 30. Nxg6 Rxg5+ 31. Kh2 hxg6 32. Qxe4 Nf8 33. f4 {Carlsen,M (2625)-Almasi,Z (2646) Wijk aan Zee 2006 ½-½ (46)}) 19. dxc5 Nxc5 20. exd5 Nxd5 21. Bf5 Ne6 22. Rxc8 Qxc8 23. Qa1 Bf6 24. Nd4 Ndf4 25. Ne4 Bxd4 26. Bxd4 Bg6 27. Bxg7 Bxf5 28. Bh6 f6 29. Nxf6+ Kf7 30. Qe5 Kg6 31. Bxf8 Qxf8 32. Nd7 Qd8 33. Re3 Bxh3 34. Qe4+ Kh6 35. Ne5 Qd1+ 36. Re1 Qd2 37. gxh3 Nxh3+ 38. Kh2 Qxf2+ 39. Kh1 Neg5 40. Qe3 Qf5 41. Kh2 Nf4 42. Kg3 Nge6 43. Ng4+ Kg5 44. Qe5 Nd3 45. Qxf5+ Kxf5 46. Re3 Nec5 47. Kf3 h5 48. Nh6+ Kg6 49. Ng8 Kf7 50. Ne7 Nb4 51. Re2 Ne6 52. Ke4 Kxe7 53. Kf5 Kd7 54. Rd2+ Ke7 55. Re2 Kd7 56. Rxe6 Nxa2 57. Ke5 Nc1 58. Rd6+ Kc7 59. b4 Na2 60. Rd4 Kb6 61. Rf4 Kc6 62. Ke6 Nc1 63. Rd4 Na2 64. Rd6+ Kc7 65. Rd7+ Kb6 66. Rd6+ 1/2-1/2